00389nam a2200121Ia 4500008004100000082002100041100001400062245003000076260003900106300001000145630001800155650009400173211109s9999||||xx |||||||||||||| ||und|| a894.81207bPAV-K aPavanan,  0aKeralam Engane Jeevikunnu bNATIONAL BOOKSTALLaKottayamc1967 a182p. xGeneral Stack aMalayalam LiteraturevLiterary TheoryLiterary ResearchMalayalam Literary StudyxGeneralia